30 Biggest Cities in Malaysia - Statistics

General Stats
  • This quiz has been taken 398 times
    271 since last reset
  • The average score is 14 of 30
Answer Stats
Rank Population Answer % Correct
1 1,982,112 Kuala Lumpur
99%
6 858,118 Johor Bahru
92%
8 794,313 George Town
87%
25 349,147 Kuching
81%
11 759,952 Ipoh
80%
17 500,425 Kota Kinabalu
71%
14 548,014 Kuantan
62%
5 902,025 Klang
61%
12 681,541 Seremban
60%
20 423,868 Alor Setar
59%
24 375,424 Kuala Terengganu
59%
7 812,327 Shah Alam
59%
18 453,904 Malacca
58%
23 396,193 Kota Bharu
54%
4 902,086 Petaling Jaya
50%
19 439,050 Sandakan
43%
28 314,776 Muar
42%
21 420,806 Tawau
41%
9 771,687 Subang Jaya
40%
15 545,053 Sungai Petani
36%
22 401,210 Batu Pahat
32%
2 1,047,356 Kajang
31%
16 531,904 Ampang Jaya
23%
29 312,437 Pasir Gudang
22%
27 319,056 Kulim
20%
3 946,092 Seberang Perai
20%
26 324,585 Sepang
18%
13 575,977 Iskandar Puteri
15%
10 764,327 Selayang
15%
30 307,418 Kuala Langat
6%
No matching quizzes found
Score Distribution
Percent of People with Each Score
Percentile by Number Answered
Your Score History
You have not taken this quiz since the last reset